CENTROS CLANDESTINOS DE DETENCIÓN EN LA ARGENTINA - Estadísticas

Estadísticas generales
  • Esta prueba ha sido intentada 7 veces
  • La puntuación promedio es 9 de 14
Estadísticas de respuestas
Número de centros clandestinos Provincia % Correcto
258 Buenos Aires
100%
50 Córdoba
86%
57 Santa Fé
86%
61 Capital Federal
71%
40 Mendoza
71%
62 Tucumán
71%
29 Entre Ríos
57%
16 Formosa
57%
20 La Pampa
57%
37 Misiones
57%
20 Salta
57%
31 Corrientes
43%
19 La Rioja
43%
19 Neuquén
43%
No se encontraron pruebas coincidentes
Distribución de puntuación
Porcentaje de gente con cada puntuación
Porcentaje por número respondido
Historial de tus puntuaciones
No has intentado esta prueba.